000 00346nam a2200145 i 4500
001 bg
100 1 _aWEISS, Lech J.
245 0 _aElementy i układy elektroniczne /
_cLech J. Weiss.
250 _aWyd.3 zm. i popr.
260 _aBydgoszcz,
_c1987.
040 _cBPK
041 _apol
942 _cKS
008 s pl f |000 0 pol
999 _c3741
_d3741
856 _uhttp://koha.tu.koszalin.pl/cgi-bin/koha/opac-detail.pl?biblionumber=3741
_yKatalog online BPK